000 00673nam a2200253Ia 4500
003 OSt
005 20221005124607.0
006 a|||||r|||| 00| 0
007 ta
008 221004b |||||||| |||| 00| 0 guj d
024 _a47414
037 _cTextual
040 _aCRL
_cCRL
_bguj
041 _2guj
_aguj
082 _aO156,1M77w, 31M1
100 _aManiyar U.M. Au.
_9635479
245 0 _aNanalal
260 _c1981
300 _a108
_ccm.
650 _aGUJRATI LITERATURE
700 _a Parthasarthy N.A.A. Tr.
_9635480
942 _hO156,1M77w, 31M1
_cTEXL
_2cc
999 _c1050950
_d1050950